Регионална библиотека "Любен Каравелов" - Русе

Разсъждения за страстите на любовта (Запис номер 31471)

MARC детайли
000 -Лидер
Контролно поле с фиксирана дължина 01080nam a2200313 c 4500
003 - Код на организацията, давaща контролен номер
Контролно поле BLK
005 - Дата и час на последна редакция
Контролно поле 20240301133127.0
008 - Елементи от данни с фиксирана дължина
fixed length control field 180407b bul|||||r ||||||| ||bul||
010 ## - Наследен системен номер
LC control number KNG00034120000
020 ## - Международен стандартен номер на книга ISBN
Международен стандартен номер на книга ISBN 954-8124-15-7
-- издат.: Послание
040 ## - Източник на каталожния запис
Идентификатор на билиотеката - собственик на записа BLK
041 ## - Код за език
Код за езика на текст/звукозапис или на отделно заглавие Български
Код за езика КДБФ Български
080 ## - УДК
Текстов определител УДК Френска литература
УДК код - определител по УДК 821.133.1
УДК определител -96
УДК - код + определител 821.133.1-96
100 1# - Редна дума - Автор
Автор Паскал, Блез
Дати, свързани с автора 1623-1662
Автор - информация (биография) Философ, теолог, писател, математик, физик
R(LIN) 106974
139 ## - Редно поле
Редна дума Паскал, Блез
Авторски знак Пас - П 25
245 10 - Сведения за заглавието
Заглавие Разсъждения за страстите на любовта
Редно поле (дума) Блез Паскал.
246 11 - Различни форми на заглавието
Паралелно заглавие Discours sur les passions de l'amour
257 ## - Страна на издаване
Страна на създаване/издаване България
260 ## - Област на издателските данни
-- София
Име на издателя, разпространителя и проч. Послание
Година на издаване 2000
300 ## - Физическа характеристика
Страници 80 с.
Размери/Мащаб 17 см
380 ## - Жанр
Жанр Худож. лит.
490 1# - СЕРИИ (Колекции)
Име на серия Отворено
№: серия 326
852 ## - Местоположение
Форматна сигнатура Цб І 30186
856 4# - Електронен адрес и достъп
Електронен формат pdf - файл
Път до файла /url/
856 4# - Електронен адрес и достъп
Електронен формат pdf - файл
Път до файла /url/
942 ## - АРТИКУЛИ
Вид на библиотечния материал Книги
Скрит в OPAC Не
944 ## - СЪЗДАВАНЕ И РЕДАКЦИЯ на ЗАПИСА
Създаване/Редакция Създаване
Дата на регистрацията/редакция 15.01.2003
Служител, извършил регистрацията/редакцията 30560
Статус, дата на статуса Геновева Генчева
944 ## - СЪЗДАВАНЕ И РЕДАКЦИЯ на ЗАПИСА
Създаване/Редакция Редакция
Дата на регистрацията/редакция 15.01.2003
Служител, извършил регистрацията/редакцията
999 ## - СИСТЕМНИ КОНТРОЛНИ НОМЕРА
Koha biblionumber 31471
Koha biblioitemnumber 31471
Наличности
Код за отписване Код за изгубен артикул Източник на класификационната схема Код за повреда Коз за рестрикции Код за отдаване Артикулен № Име на библиотеката - собственик Име на библиотеката, в която се намира в момента Статус (Текущо местоположение) Дата на вписване в системата Местоположение - отдел Цена в лева Инвентарен номер Систематично азбучна сигнатура Баркод Номер на екземпляра Цена в евро Служебен тип на артикула
  Не е изгубен Universal Decimal Classification Не е повреден без рестрикции ползва се в читалня 50163 Регионална библиотека "Любен Каравелов" Русе Регионална библиотека "Любен Каравелов" Русе Хранилище 2001-01-01 Хранилище 1.20 660078 Цб I 30186 120000660078 1 0.61 Книги
Vip Innovations Ltd, Rousse, Bulgaria 2025